<?xml version="1.0" encoding="UTF-8"?><?xml-stylesheet type="text/xsl" href="static/style.xsl"?><OAI-PMH xmlns="http://www.openarchives.org/OAI/2.0/" xmlns:xsi="http://www.w3.org/2001/XMLSchema-instance" xsi:schemaLocation="http://www.openarchives.org/OAI/2.0/ http://www.openarchives.org/OAI/2.0/OAI-PMH.xsd"><responseDate>2026-04-27T01:59:28Z</responseDate><request verb="GetRecord" identifier="oai:repisalud.isciii.es:20.500.12105/13222" metadataPrefix="marc">https://repisalud.isciii.es/rest/oai/request</request><GetRecord><record><header><identifier>oai:repisalud.isciii.es:20.500.12105/13222</identifier><datestamp>2025-06-24T13:23:38Z</datestamp><setSpec>com_20.500.12105_8138</setSpec><setSpec>com_20.500.12105_5570</setSpec><setSpec>com_20.500.12105_2404</setSpec><setSpec>com_20.500.12105_2403</setSpec><setSpec>col_20.500.12105_8157</setSpec></header><metadata><record xmlns="http://www.loc.gov/MARC21/slim" xmlns:dcterms="http://purl.org/dc/terms/" xmlns:doc="http://www.lyncode.com/xoai" xmlns:xsi="http://www.w3.org/2001/XMLSchema-instance" xsi:schemaLocation="http://www.loc.gov/MARC21/slim http://www.loc.gov/standards/marcxml/schema/MARC21slim.xsd">
   <leader>00925njm 22002777a 4500</leader>
   <datafield ind2=" " ind1=" " tag="042">
      <subfield code="a">dc</subfield>
   </datafield>
   <datafield ind2=" " ind1=" " tag="720">
      <subfield code="a">Mirón Canelo, Juan Antonio</subfield>
      <subfield code="e">author</subfield>
   </datafield>
   <datafield ind2=" " ind1=" " tag="720">
      <subfield code="a">Alonso Sardón, Montserrat</subfield>
      <subfield code="e">author</subfield>
   </datafield>
   <datafield ind2=" " ind1=" " tag="260">
      <subfield code="c">2008-06</subfield>
   </datafield>
   <datafield ind2=" " ind1=" " tag="520">
      <subfield code="a">[ES] En la Sociedad actual del conocimiento y la información es preciso disponer de herramientas básicas para medir los fenómenos epidemiológicos como la enfermedad, la incapacidad o la siniestralidad laboral. Las formas de medir son instrumentos que se deben conocer y aplicar para planificar y tomar decisiones en Salud Pública y en Salud Laboral.  El objetivo de este artículo es dar a conocer las principales medidas de frecuencia, asociación e impacto utilizadas en investigación aplicada, clínica o de Salud Pública para tratar de medir, valorar y estimar la importancia de los problemas de salud y enfermedades relacionadas con el trabajo, de los factores de riesgo ocupacionales y otros eventos relacionados con la seguridad e higiene en el tra bajo y, en definitiva, con la Salud de los trabajadores. Se describen los conceptos teóricos de las formas de medir en epidemiología, su interpretación y aplicación práctica de los indicadores básicos utilizados en la práctica habitual de los profesionales de las Ciencias de la Salud. Su utilidad fundamental es poder disponer de una información objetiva, fiable y precisa que permita tomar decisiones adecuadas y pertinentes en relación con la prevención, seguridad laboral, atención y rehabilitación de los trabajadores. [EN] In the society's current knowledge and infor mation is necessary to have basic tools to measure the epidemic phenomena such as illness, disability or workplace accidents. The ways of measuring are instruments that they must know and apply to plan and take decisions on Public Health and Labour/Occupational Health. The aim of this article is to inform about the most important measures of frequency, association and impact used in applied research, clinical or Public Health to try to measure, to value and esti mate the importance of health problems and diseases related work, The occupational risk factors and other events related to safety and healthy working conditions and ultimately with the Workers' Health. We describe the theoretical concepts of ways to measure in epidemiology, their interpretation and practical application of basic indicators used in the practice of professionals in the Health Sciences. Its usefulness is essential to have an objective, reliable and precise information to make sound decisions and allow relevant to the prevention, labour/occupational safety, care and rehabilitation of the workers.</subfield>
   </datafield>
   <datafield ind1="8" ind2=" " tag="024">
      <subfield code="a">Med Segur Trab 2008; Vol.LIV Nº 211; 93-102</subfield>
   </datafield>
   <datafield ind1="8" ind2=" " tag="024">
      <subfield code="a">0465-546X</subfield>
   </datafield>
   <datafield ind1="8" ind2=" " tag="024">
      <subfield code="a">http://hdl.handle.net/20.500.12105/13222</subfield>
   </datafield>
   <datafield ind1="8" ind2=" " tag="024">
      <subfield code="a">10.4321/S0465-546X2008000200011</subfield>
   </datafield>
   <datafield ind1="8" ind2=" " tag="024">
      <subfield code="a">1989-7790</subfield>
   </datafield>
   <datafield ind1="8" ind2=" " tag="024">
      <subfield code="a">Medicina y Seguridad del Trabajo</subfield>
   </datafield>
   <datafield tag="653" ind2=" " ind1=" ">
      <subfield code="a">Medidas de frecuencia</subfield>
   </datafield>
   <datafield tag="653" ind2=" " ind1=" ">
      <subfield code="a">Asociación e impacto</subfield>
   </datafield>
   <datafield tag="653" ind2=" " ind1=" ">
      <subfield code="a">Epidemiología</subfield>
   </datafield>
   <datafield tag="653" ind2=" " ind1=" ">
      <subfield code="a">Investigación aplicada o clínica</subfield>
   </datafield>
   <datafield tag="653" ind2=" " ind1=" ">
      <subfield code="a">Measures of frequency</subfield>
   </datafield>
   <datafield tag="653" ind2=" " ind1=" ">
      <subfield code="a">Association and impact</subfield>
   </datafield>
   <datafield tag="653" ind2=" " ind1=" ">
      <subfield code="a">Epidemiology</subfield>
   </datafield>
   <datafield tag="653" ind2=" " ind1=" ">
      <subfield code="a">Applied research</subfield>
   </datafield>
   <datafield ind2="0" ind1="0" tag="245">
      <subfield code="a">Medidas de frecuencia, asociación e impacto en investigación aplicada</subfield>
   </datafield>
</record></metadata></record></GetRecord></OAI-PMH>